Vista normal
Vista MARC
Entrada Nombre personal
Número de registros utilizados en: 4
001 - NÚMERO DE CONTROL
- campo de control: 169
003 - IDENTIFICADOR DEL NÚMERO DE CONTROL
- campo de control: BNPHU
005 - FECHA Y HORA DE LA ÚLTIMA TRANSACCIÓN
- campo de control: 20240228191604.0
008 - DATOS DE LONGITUD FIJA
- campo de control de longitud fija: 200615|| aca||aabn | a|a d
010 ## - NÚMERO DE CONTROL DE LA BIBLIOTECA DEL CONGRESO
- Número de control de LC: n 2009024818
040 ## - FUENTE DE LA CATALOGACIÓN
- Centro catalogador/agencia de origen: DO-Sd-BNP
- Lengua de catalogación: spa
- Centro/agencia transcriptor: BNPHU
- Normas de descripción: rda
100 1# - ENCABEZAMIENTO-NOMBRE DE PERSONA
- Nombre de persona: Llenas, Alejandro,
- Fechas asociadas al nombre: 1844-1902
370 ## - LUGAR ASOCIADO
- Lugar de nacimiento: Gurabo, Santiago de los Caballeros (República Dominicana)
375 ## - GÉNERO/SEXO
- Género/Sexo: Masculino
377 ## - LENGUA/LENGUAJE ASOCIADO
- Código del idioma: spa
- Término de lengua/lenguaje: Español
378 ## - FORMA COMPLETA/DESARROLLADA DEL NOMBRE
- Forma completa/desarrollada del nombre: José Alejandro Llenas Julia
400 1# - TRAZADO DE VÉASE--NOMBRE DE PERSONA
- Nombre de persona: Llenas Julia, José Alejandro
670 ## - FUENTE DE DATOS ENCONTRADOS
- Cita de la fuente: Llenas, Alejandro, 1844-1902. Ensayos y apuntes diversos, 2007
670 ## - FUENTE DE DATOS ENCONTRADOS
- Identificador Uniforme del Recurso: https://authorities.loc.gov/cgi-bin/Pwebrecon.cgi?AuthRecID=7865882&v1=1&HC=1&SEQ=20240228165622&PID=x3RfYQBH2_6eFpf9NPSHrX7F-Xg3
